000 00686nam a2200265Ia 4500
003 OSt
005 20221007110915.0
006 a|||||r|||| 00| 0
007 ta
008 221006b |||||||| |||| 00| 0 eng d
024 _a22,116
037 _cTextual
040 _aLCO
_cLCO
_beng
041 _2eng
_aeng
082 _aX7292qM99:g, K3
100 _aPatra Atul Chandra
245 0 _aIndian Stamp Act, 1899
250 _a2nd
260 _aLucknow
_bEastern Book Company India
_c1963
300 _a1150
500 _aAct No. II of 1899
650 _aSTAMP ACT
942 _hX7292qM99:g, K3
_cTEXL
999 _c1191679
_d1191679